000
00312pam a2200133 a 4500
020
_c
041
_h
082
_a
750
_b
HIS
100
_a
Ivan Hissey.
245
_a
Painting Great Masters By Numbers
_h
Textual Documents
260
_a
[s.l]:
_b
Silverdale Book,
_c
2003.
300
_a
100:
_b
paper.
930
_a
4140
999
_c
237930
_d
237930